| 000 | 00597cam a2200193 4500 | ||
|---|---|---|---|
| 001 | IREN000569 | ||
| 008 | 1999 a eng | ||
| 020 | _a1574440586 | ||
| 035 | _aIREN000569 | ||
| 050 | 4 |
_aHC79.E5 _bS86 1999 |
|
| 245 | 0 |
_aSustainability perspectives for resourses and busines / _cOrie L. Loucks...[et al.]. |
|
| 260 |
_aBoca Raton, Florida : _bLewis publishers, _c1999 |
||
| 300 |
_a373 p. ; _c26 cm. |
||
| 500 | _a1 ejem. | ||
| 500 | _aRec. Propios. D.G.B. | ||
| 504 | _aIncluye bibliografía e índice | ||
| 650 | 4 | _aRecursos naturales | |
| 700 | 1 |
_aLouks, Orie L., _ecoaut. |
|
| 942 |
_2lcc _cLIB |
||
| 999 |
_c147430 _d147428 |
||